| 000 | 02341nam a2200445 a 4500 | ||
|---|---|---|---|
| 999 |
_c206193 _d206193 |
||
| 003 | BLK | ||
| 005 | 20231229105729.0 | ||
| 008 | 180411b bul|||||r ||||||| ||bul|| | ||
| 010 | _aKNG00215942000 | ||
| 020 | _a978-619-153-143-1 | ||
| 040 | _aBLK | ||
| 041 |
_aBUL _cBUL |
||
| 072 |
_9178254 _aН32 _xПолитика Н |
||
| 080 |
_aОргани на обществения ред. Полиция. Обществена власт. Доброволни отреди. Държавна сигурност. Милиция. Дейност на полицията по вътрешно разузнаване _b351.74 _x(47+57)(091) _z351.74(47+57)(091) |
||
| 080 |
_aПолитическо преследване. Терористични действия. Тероризъм - Атентати, политически убийства. Вж и 343.1 ; 343.3/.7 _b323.28 _x(47+57) _z323.28(47+57) |
||
| 080 |
_aИстория на Русия и СССР. Вж и 936 ; 957 _b94(470) |
||
| 100 | 1 |
_aНаумов, Леонид Анатолиевич _eпърви автор _9100770 |
|
| 139 |
_aНаумов, Леонид Анатолиевич _bН 32 |
||
| 245 | 1 | 0 |
_aСталин и НКВД _cЛеонид Наумов ; прев. Горанка Цветкова. |
| 257 | _aBGR | ||
| 260 |
_c2017 _9211388 _aСофия _bПаритет |
||
| 300 |
_a304 с. _c21 см |
||
| 380 | _a3 | ||
| 500 | _aБез сведение за ориг. загл. ; Ориг. загл. Сталин и НКВД. | ||
| 600 | 0 |
_9258886 _aСталин, Йосиф Висарионович |
|
| 650 | 0 |
_9255978 _aДържавна сигурност - СССР - история |
|
| 650 | 0 |
_9265875 _aПолитически репресии - СССР - история |
|
| 650 | 0 |
_9305315 _aСССР - обществено управление |
|
| 659 | 7 |
_9178160 _aН _xНови книги |
|
| 700 |
_9348071 _aЦветкова, Горанка Цветанова _eпрев. от рус. |
||
| 765 |
_aСталин и НКВД _cЛеонид Анатольевич Наумов |
||
| 852 | _aЦб 289143 | ||
| 856 | 4 | _qpdf | |
| 856 | 4 | _qpdf | |
| 942 |
_cKNG _n0 _014 |
||
| 944 |
_aCR _c11.02.2018 _k30546 _lРенета Константинова |
||
| 944 |
_aED _c20.02.2018 _kВиолета_Тройчева |
||
| 999 | _d206193 | ||
| 999 | _d206193 | ||